[Event "Titled Tuesday intern op 11th Apr Early"]
[Site "Chess.com INT"]
[Date "2023.04.11"]
[Round "5"]
[White "Deng, Henry"]
[Black "Halldorsson, Halldor Brynjar"]
[Result "0-1"]
[WhiteElo "2158"]
[BlackElo "2155"]
[PlyCount "82"]
[EventDate "2023.04.11"]
[EventType "swiss (blitz)"]
[EventRounds "11"]
[EventCountry "USA"]
[SourceTitle "CBM 213 Extra"]
[Source "ChessBase"]
[SourceDate "2023.05.31"]
[SourceVersion "1"]
[SourceVersionDate "2023.05.31"]
[SourceQuality "1"]

1. e4 c5 2. Nc3 d6 3. Bb5+ Bd7 4. Bxd7+ Nxd7 5. f4 g6 6. Nf3 Bg7 7. 0-0 e6 8. d3 Ne7 9. Qe1 0-0 10. Kh1 Nc6 11. f5 exf5 12. exf5 Nd4 13. Nxd4 Bxd4 14. Nd5 Nf6 15. Bg5 h6 16. Bxf6 Bxf6 17. fxg6 fxg6 18. Qe6+ Kg7 19. Rf3 Bxb2 20. Raf1 Rxf3 21. Rxf3 Qg8 22. Qd7+ Kh8 23. Qxb7 Re8 24. Qxb2+ Qg7 25. Qxg7+ Kxg7 26. Re3 Rb8 27. h4 a5 28. Re7+ Kf8 29. Rh7 Rb2 30. Rxh6 Kg7 31. a4 Kxh6 32. c4 Rd2 33. Nf4 Ra2 34. g4 Rxa4 35. g5+ Kg7 36. Kg2 Ra1 37. Kf3 a4 38. Ne2 a3 39. Nc3 Rc1 40. Ne2 Rc2 41. Nd4 cxd4 0-1

[Event "Titled Tuesday intern op 11th Apr Early"]
[Site "Chess.com INT"]
[Date "2023.04.11"]
[Round "10"]
[White "Halldorsson, Halldor Brynjar"]
[Black "Ciuffoletti, Paolo"]
[Result "1-0"]
[WhiteElo "2155"]
[BlackElo "2106"]
[PlyCount "41"]
[EventDate "2023.04.11"]
[EventType "swiss (blitz)"]
[EventRounds "11"]
[EventCountry "USA"]
[SourceTitle "CBM 213 Extra"]
[Source "ChessBase"]
[SourceDate "2023.05.31"]
[SourceVersion "1"]
[SourceVersionDate "2023.05.31"]
[SourceQuality "1"]

1. e4 c5 2. Nf3 Nc6 3. Bb5 e6 4. 0-0 Nge7 5. b3 a6 6. Bxc6 Nxc6 7. Bb2 f6 8. d4 cxd4 9. Nxd4 Be7 10. c4 0-0 11. Nc3 Qa5 12. Nde2 b5 13. cxb5 axb5 14. Qd3 Rb8 15. Nd4 Ne5 16. Qg3 Ba6 17. Rfd1 Bc5 18. Nf3 b4 19. Nxe5 bxc3 20. Bxc3 Qc7 21. Rxd7 1-0

[Event "ISL-chT1 1920"]
[Site "Reykjavik"]
[Date "2021.05.14"]
[Round "6.5"]
[White "Halldorsson, Halldor Brynjar"]
[Black "Thordarson, Sturla"]
[Result "1-0"]
[WhiteElo "2246"]
[BlackElo "1711"]
[PlyCount "57"]
[EventDate "2019.10.03"]
[EventType "team-tourn"]
[EventRounds "9"]
[EventCountry "ISL"]
[SourceTitle "EXT 2022"]
[Source "ChessBase"]
[SourceDate "2021.10.06"]
[SourceVersion "1"]
[SourceVersionDate "2021.10.06"]
[SourceQuality "1"]
[WhiteTeam "Skakfelag Akureyrar"]
[BlackTeam "Vikingaklubburinn II"]
[WhiteTeamCountry "ISL"]
[BlackTeamCountry "ISL"]

1. e4 c5 2. Nf3 Nc6 3. Bb5 g6 4. 0-0 Bg7 5. c3 Nf6 6. Qa4 0-0 7. d4 cxd4 8. cxd4 e6 9. Nc3 Ne7 10. e5 Nfd5 11. Ne4 a6 12. Bg5 f6 13. exf6 Nxf6 14. Rfe1 Ned5 15. Qa3 Qb6 16. Bc4 Nxe4 17. Rxe4 h6 18. Bd2 Nf6 19. Re2 d5 20. Bd3 g5 21. Rc1 Bd7 22. Ba5 Qa7 23. Rc7 Rac8 24. Rec2 Rxc7 25. Rxc7 Rc8 26. Rxc8+ Bxc8 27. Qe7 Qb8 28. Bc7 Qa8 29. Qd8+ 1-0

[Event "ISL-chT 1718"]
[Site "Reykjavik"]
[Date "2018.03.02"]
[Round "7.1"]
[White "Halldorsson, Halldor Brynjar"]
[Black "Hansen, Soren Bech"]
[Result "0-1"]
[WhiteElo "2253"]
[BlackElo "2240"]
[PlyCount "71"]
[EventDate "2017.10.19"]
[EventType "team-tourn"]
[EventRounds "9"]
[EventCountry "ISL"]
[SourceTitle "EXT 2019"]
[Source "ChessBase"]
[SourceDate "2018.10.10"]
[SourceVersion "1"]
[SourceVersionDate "2018.10.10"]
[SourceQuality "1"]
[WhiteTeam "Akureyri"]
[BlackTeam "KR CC"]
[WhiteTeamCountry "ISL"]
[BlackTeamCountry "ISL"]

1. e4 c5 2. Nf3 Nc6 3. Bb5 g6 4. 0-0 Bg7 5. c3 e5 6. d4 cxd4 7. cxd4 exd4 8. Bf4 Nge7 9. Qd2 0-0 10. Bd6 a6 11. Bc4 b5 12. Bd5 Bb7 13. Qf4 Nxd5 14. exd5 Ne7 15. Re1 Nxd5 16. Qg3 Re8 17. Nbd2 Qb6 18. Nb3 Rac8 19. Nc5 Nf6 20. Ng5 h6 21. Nxf7 Kxf7 22. b4 Bd5 23. Be5 Qc6 24. Nd3 Be4 25. Rac1 Qd5 26. Rxc8 Rxc8 27. Nc5 Bf5 28. Bd6 Re8 29. Rxe8 Nxe8 30. Bf4 Nf6 31. Qa3 d3 32. Qc1 Ne4 33. Nb3 Nc3 34. Qe3 Ne2+ 35. Kf1 Nxf4 36. Qxf4 0-1

[Event "Titled Tuesday intern op 2nd Dec"]
[Site "Chess.com INT"]
[Date "2017.12.05"]
[Round "10"]
[White "Halldorsson, Halldor Brynjar"]
[Black "Shymanskyi, Oleksandr"]
[Result "0-1"]
[WhiteElo "2276"]
[BlackElo "2314"]
[PlyCount "84"]
[EventDate "2017.12.05"]
[EventType "swiss (blitz)"]
[EventRounds "10"]
[EventCountry "USA"]
[SourceTitle "EXT 2021"]
[Source "ChessBase"]
[SourceDate "2020.10.23"]
[SourceVersion "1"]
[SourceVersionDate "2020.10.23"]
[SourceQuality "1"]

1. e4 d5 2. exd5 Nf6 3. d4 Nxd5 4. c4 Nb6 5. Nc3 e5 6. d5 Bb4 7. a3 Bxc3+ 8. bxc3 c6 9. d6 c5 10. a4 0-0 11. a5 N6d7 12. Nf3 a6 13. Bd3 e4 14. Bxe4 Re8 15. Qe2 Nf6 16. Bg5 Bf5 17. Bxf5 Rxe2+ 18. Kxe2 Qxd6 19. Rhd1 Qe7+ 20. Kf1 Nc6 21. Re1 Qc7 22. Bxf6 gxf6 23. g3 Nxa5 24. Re4 Nc6 25. Rh4 Ne5 26. Nd2 Ng6 27. Re4 Rd8 28. Nf3 Qd6 29. Rae1 Qd3+ 30. Kg2 Qxc3 31. h4 Kg7 32. h5 Ne5 33. Nxe5 fxe5 34. Rxe5 Rd1 35. Rxd1 Qxe5 36. Rd5 Qc7 37. f4 b5 38. Kf3 bxc4 39. g4 c3 40. g5 Qc6 41. Be4 Qxd5 42. h6+ Kf8 0-1

[Event "ISL-chT 1718"]
[Site "Reykjavik"]
[Date "2017.10.21"]
[Round "3.3"]
[White "Halldorsson, Halldor Brynjar"]
[Black "Gretarsson, Helgi Ass"]
[Result "1-0"]
[WhiteElo "2253"]
[BlackElo "2448"]
[PlyCount "89"]
[EventDate "2017.10.19"]
[EventType "team-tourn"]
[EventRounds "9"]
[EventCountry "ISL"]
[SourceTitle "CBM 181 Extra"]
[Source "ChessBase"]
[SourceDate "2017.12.12"]
[SourceVersion "1"]
[SourceVersionDate "2017.12.12"]
[SourceQuality "1"]
[WhiteTeam "Akureyri"]
[BlackTeam "Huginn"]
[WhiteTeamCountry "ISL"]
[BlackTeamCountry "ISL"]

1. e4 g6 2. d4 Bg7 3. Nc3 d6 4. h3 a6 5. g4 b5 6. Bg2 Bb7 7. Nge2 Nf6 8. Ng3 h5 9. g5 Nfd7 10. h4 c5 11. Nce2 cxd4 12. Nxd4 Nc6 13. Nxc6 Bxc6 14. f4 Qb6 15. Qe2 b4 16. a4 bxa3 17. Rxa3 Bxb2 18. Rb3 Qa5+ 19. Bd2 Qa1+ 20. Kf2 Bd4+ 21. Kf3 Qa4 22. Rb4 Qa3+ 23. Rb3 Qc5 24. c3 Bg7 25. Ra1 d5 26. Be3 Qc4 27. Qxc4 dxc4 28. Rba3 0-0 29. Bf1 Bb5 30. e5 Rac8 31. Ne4 Nb8 32. Nc5 Rfd8 33. Kf2 Bf8 34. e6 f5 35. Bg2 Bg7 36. Ke2 Rd6 37. Rd1 Kf8 38. Nb7 Rxe6 39. Bd5 Rxe3+ 40. Kxe3 Rc7 41. Nd8 Bd7 42. Ne6+ Bxe6 43. Bxe6 Ke8 44. Rb1 Nc6 45. Rxa6 1-0

[Event "ISL-chT 1617"]
[Site "Reykjavik"]
[Date "2017.03.04"]
[Round "9.5"]
[White "Hansen, Soren Bech"]
[Black "Halldorsson, Halldor Brynjar"]
[Result "1/2-1/2"]
[WhiteElo "2277"]
[BlackElo "2273"]
[PlyCount "44"]
[EventDate "2016.09.29"]
[EventType "team-tourn"]
[EventRounds "9"]
[EventCountry "ISL"]
[SourceTitle "EXT 2018"]
[Source "ChessBase"]
[SourceDate "2017.10.13"]
[SourceVersion "1"]
[SourceVersionDate "2017.10.13"]
[SourceQuality "1"]
[WhiteTeam "KR CC"]
[BlackTeam "Akureyri"]
[WhiteTeamCountry "ISL"]
[BlackTeamCountry "ISL"]

1. e4 c5 2. Nf3 d6 3. Bb5+ Bd7 4. Bxd7+ Nxd7 5. c4 Ngf6 6. Nc3 g6 7. 0-0 Bg7 8. Re1 0-0 9. b3 a6 10. Bb2 e5 11. a3 Qb6 12. Rb1 Qc6 13. Nd5 Nxd5 14. cxd5 Qc7 15. b4 b6 16. Rc1 a5 17. d4 axb4 18. axb4 c4 19. dxe5 dxe5 20. Ra1 b5 21. Qc2 Qd6 22. Bc3 Nb6 1/2-1/2

[Event "ISL-chT 1415"]
[Site "Reykjavik"]
[Date "2015.03.21"]
[Round "8.4"]
[White "Jones, Gawain C B"]
[Black "Halldorsson, Halldor Brynjar"]
[Result "1-0"]
[WhiteElo "2642"]
[BlackElo "2221"]
[PlyCount "53"]
[EventDate "2014.10.02"]
[EventType "team-tourn"]
[EventRounds "9"]
[EventCountry "ISL"]
[SourceTitle "EXT 2016"]
[Source "ChessBase"]
[SourceDate "2015.10.08"]
[SourceVersion "1"]
[SourceVersionDate "2015.10.08"]
[SourceQuality "1"]
[WhiteTeam "Huginn"]
[BlackTeam "Akureyri"]
[WhiteTeamCountry "ISL"]
[BlackTeamCountry "ISL"]

1. c4 Nf6 2. Nc3 c5 3. Nf3 d5 4. cxd5 Nxd5 5. g3 Nc6 6. Bg2 Nc7 7. a3 e5 8. b4 Be6 9. 0-0 f6 10. Rb1 cxb4 11. axb4 Bxb4 12. Nxe5 fxe5 13. Bxc6+ bxc6 14. Rxb4 0-0 15. Ba3 Rf6 16. Re4 Nb5 17. Nxb5 cxb5 18. Rxe5 Qb8 19. d4 a5 20. Qd3 Bc4 21. Qe4 b4 22. Bb2 a4 23. d5 a3 24. Qxc4 axb2 25. d6+ Kh8 26. Rb5 Qxd6 27. Qxb4 1-0

[Event "ISL-chT 1415"]
[Site "Reykjavik"]
[Date "2015.03.19"]
[Round "6.3"]
[White "Grandelius, Nils"]
[Black "Halldorsson, Halldor Brynjar"]
[Result "1-0"]
[WhiteElo "2569"]
[BlackElo "2221"]
[PlyCount "59"]
[EventDate "2014.10.02"]
[EventType "team-tourn"]
[EventRounds "9"]
[EventCountry "ISL"]
[SourceTitle "EXT 2016"]
[Source "ChessBase"]
[SourceDate "2015.10.08"]
[SourceVersion "1"]
[SourceVersionDate "2015.10.08"]
[SourceQuality "1"]
[WhiteTeam "Vestmannaeyja"]
[BlackTeam "Akureyri"]
[WhiteTeamCountry "ISL"]
[BlackTeamCountry "ISL"]

1. Nf3 Nf6 2. c4 g6 3. Nc3 d5 4. cxd5 Nxd5 5. g3 Bg7 6. Bg2 0-0 7. h4 e5 8. h5 Nxc3 9. bxc3 e4 10. Nh2 e3 11. fxe3 c5 12. hxg6 fxg6 13. Qb3+ Kh8 14. Bb2 Qc7 15. 0-0-0 c4 16. Qc2 Nc6 17. Be4 Bf5 18. Nf3 Rae8 19. Bxf5 Rxf5 20. Nh4 Ra5 21. Nxg6+ Kg8 22. Nf4 Bh8 23. Rh4 Ne5 24. Rdh1 Re7 25. Rh5 Bf6 26. g4 Qd7 27. g5 Bh8 28. g6 Rxa2 29. gxh7+ Kf7 30. Rg1 1-0

[Event "Reykjavik WOW Air op-A"]
[Site "Reykjavik"]
[Date "2014.05.19"]
[Round "7"]
[White "Halldorsson, Halldor Brynjar"]
[Black "Thorsteinsson, Thorsteinn"]
[Result "1/2-1/2"]
[WhiteElo "2221"]
[BlackElo "2245"]
[PlyCount "21"]
[EventDate "2014.03.31"]
[EventType "swiss"]
[EventRounds "7"]
[EventCountry "ISL"]
[SourceTitle "EXT 2015"]
[Source "ChessBase"]
[SourceDate "2014.11.20"]
[SourceVersion "1"]
[SourceVersionDate "2014.11.20"]
[SourceQuality "1"]

1. e4 c5 2. Nf3 e6 3. d4 cxd4 4. Nxd4 a6 5. Bd3 Ne7 6. f4 g6 7. c4 Bg7 8. Nf3 0-0 9. 0-0 b5 10. cxb5 axb5 11. Qe2 1/2-1/2

[Event "Reykjavik WOW Air op-A"]
[Site "Reykjavik"]
[Date "2014.05.10"]
[Round "6"]
[White "Johannesson, Oliver Aron"]
[Black "Halldorsson, Halldor Brynjar"]
[Result "0-1"]
[WhiteElo "2115"]
[BlackElo "2221"]
[PlyCount "52"]
[EventDate "2014.03.31"]
[EventType "swiss"]
[EventRounds "7"]
[EventCountry "ISL"]
[SourceTitle "EXT 2015"]
[Source "ChessBase"]
[SourceDate "2014.11.20"]
[SourceVersion "1"]
[SourceVersionDate "2014.11.20"]
[SourceQuality "1"]

1. d4 Nf6 2. c4 g6 3. Nc3 d5 4. Nf3 Bg7 5. Bg5 Ne4 6. Bf4 Nxc3 7. bxc3 c5 8. e3 Nc6 9. cxd5 Qxd5 10. Be2 0-0 11. 0-0 cxd4 12. cxd4 e5 13. dxe5 Qa5 14. Qe1 Qa3 15. Bb5 Qc5 16. Bxc6 Qxc6 17. Nd4 Qd5 18. Rd1 Qxa2 19. Nb5 Be6 20. Ra1 Qc4 21. Qb1 Bf5 22. Qb2 Bd3 23. Nd6 Qc6 24. Rfc1 Qxd6 25. Qd2 Qd8 26. Rd1 Ba6 0-1

[Event "Reykjavik WOW Air op-A"]
[Site "Reykjavik"]
[Date "2014.03.31"]
[Round "1"]
[White "Kjartansson, Gudmundur"]
[Black "Halldorsson, Halldor Brynjar"]
[Result "1-0"]
[WhiteElo "2441"]
[BlackElo "2221"]
[PlyCount "209"]
[EventDate "2014.03.31"]
[EventType "swiss"]
[EventRounds "7"]
[EventCountry "ISL"]
[SourceTitle "EXT 2015"]
[Source "ChessBase"]
[SourceDate "2014.11.20"]
[SourceVersion "1"]
[SourceVersionDate "2014.11.20"]
[SourceQuality "1"]

1. c4 Nf6 2. g3 c5 3. Bg2 d5 4. cxd5 Nxd5 5. Nc3 Nxc3 6. bxc3 g6 7. Rb1 Qc7 8. Qa4+ Nd7 9. h4 h5 10. Nh3 Bg7 11. Nf4 0-0 12. Nd5 Qd8 13. 0-0 e6 14. Ne3 Qc7 15. Ba3 Rd8 16. Rfd1 a6 17. d4 Bf8 18. d5 e5 19. d6 Bxd6 20. Nd5 Qb8 21. Qa5 Re8 22. Bh3 Kg7 23. Bxd7 Bxd7 24. Bxc5 Bf5 25. Bxd6 Qxd6 26. Nc7 Qc6 27. Nxe8+ Rxe8 28. Rb2 b5 29. Qb4 Rc8 30. Kh2 Qxc3 31. Qxc3 Rxc3 32. Rd6 Ra3 33. Kg2 Be6 34. Rd3 Rxa2 35. Rxa2 Bxa2 36. Ra3 Bd5+ 37. f3 Bc4 38. Kf2 b4 39. Ra4 a5 40. Rxa5 b3 41. Ra4 Be6 42. Rb4 Kf6 43. Rb5 Bc4 44. Rc5 Be6 45. e4 Bd7 46. Rd5 Be6 47. Rb5 Bc4 48. Rc5 Bd3 49. Rc6+ Ke7 50. Rb6 Bc2 51. Ke2 Kd7 52. Kd2 Ke7 53. Kc3 Bd1 54. f4 exf4 55. gxf4 Bc2 56. Kd4 Kd7 57. Kd5 Kc7 58. Rb4 Bd1 59. Rc4+ Kd7 60. Rd4 Bc2 61. Rb4 Kc7 62. Kc5 Kd7 63. Kd5 Kc7 64. Rb5 Kd7 65. Rb7+ Kc8 66. Rb6 Kc7 67. Rb4 Kd7 68. Ke5 Kc6 69. Kf6 Kc5 70. Rb8 Bxe4 71. Rxb3 Bd5 72. Rb8 Kd4 73. f5 Be4 74. Rb4+ Ke3 75. fxg6 fxg6 76. Ke5 Bc2 77. Rc4 Bf5 78. Rc3+ Kd2 79. Ra3 Bb1 80. Kf4 Bf5 81. Re3 Bb1 82. Rg3 Bf5 83. Ke5 Ke2 84. Kf6 Kf2 85. Ra3 Ke2 86. Kg5 Bd3 87. Kf4 Bf5 88. Rb3 Kd2 89. Rg3 Ke2 90. Re3+ Kd2 91. Ra3 Ke2 92. Kg5 Bd3 93. Kf6 Bf5 94. Ke5 Kf2 95. Rb3 Ke2 96. Kf4 Kd2 97. Rg3 Ke2 98. Ra3 Bb1 99. Re3+ Kd2 100. Rg3 Bf5 101. Kg5 Ke2 102. Kh6 Kf2 103. Rxg6 Bg4 104. Rg5 Kf3 105. Rxh5 1-0

[Event "ISL-chT 1314"]
[Site "Reykjavik"]
[Date "2014.03.01"]
[Round "9.1"]
[White "Halldorsson, Halldor Brynjar"]
[Black "Danielsen, Henrik"]
[Result "0-1"]
[WhiteElo "2228"]
[BlackElo "2501"]
[PlyCount "52"]
[EventDate "2013.10.10"]
[EventType "team-tourn"]
[EventRounds "9"]
[EventCountry "ISL"]
[SourceTitle "EXT 2015"]
[Source "ChessBase"]
[SourceDate "2014.11.20"]
[SourceVersion "1"]
[SourceVersionDate "2014.11.20"]
[SourceQuality "1"]
[WhiteTeam "Akureyri"]
[BlackTeam "Vestmannaeyja"]
[WhiteTeamCountry "ISL"]
[BlackTeamCountry "ISL"]

1. e4 g6 2. d4 Bg7 3. Nc3 d6 4. Be3 a6 5. g3 Nd7 6. Bg2 Ngf6 7. h3 0-0 8. Nge2 e5 9. 0-0 b5 10. a3 Bb7 11. g4 exd4 12. Bxd4 Rb8 13. Ng3 c5 14. Bxf6 Qxf6 15. Re1 Nb6 16. Bf1 Bh6 17. Rb1 Rfe8 18. a4 bxa4 19. Ra1 Qe5 20. Nxa4 Nxa4 21. Rxa4 d5 22. Bxa6 Bc6 23. Ra2 dxe4 24. Nf1 e3 25. f3 Rbd8 26. Qe2 Rd2 0-1